[Event "SVK-chT2C 1415"]
[Site "Slovakia"]
[Date "2015.02.15"]
[Round "9.8"]
[White "Sienczyk, Stephen Paul"]
[Black "Turcan, Richard"]
[Result "1-0"]
[WhiteElo "1683"]
[BlackElo "1258"]
[PlyCount "47"]
[EventDate "2014.10.11"]
[EventType "team-tourn"]
[EventRounds "11"]
[EventCountry "SVK"]
[SourceTitle "EXT 2016"]
[Source "ChessBase"]
[SourceDate "2015.10.08"]
[SourceVersion "1"]
[SourceVersionDate "2015.10.08"]
[SourceQuality "1"]
[WhiteTeam "Cadca Caissa II"]
[BlackTeam "Banska Bystrica Veza"]
[WhiteTeamCountry "SVK"]
[BlackTeamCountry "SVK"]

1. d4 c5 2. e3 d5 3. c4 e6 4. Nf3 Nc6 5. Nc3 Nf6 6. Bd3 dxc4 7. Bxc4 cxd4 8. exd4 Bd6 9. 0-0 a6 10. Bg5 b5 11. Bd3 Qc7 12. Rc1 Bb7 13. Ne4 Ke7 14. Re1 h6 15. Bxf6+ gxf6 16. d5 exd5 17. Nc3+ Kd8 18. Nxd5 Qb8 19. Nxf6 Ne7 20. Be4 Bxe4 21. Rxe4 Nc8 22. Ne5 Qb6 23. Nc6+ Kc7 24. Nd5+ 1-0

[Event "Zilina-ch"]
[Site "Zilina"]
[Date "2014.05.10"]
[Round "3"]
[White "Sibrava, Patrik"]
[Black "Sienczyk, Stephen Paul"]
[Result "1-0"]
[WhiteElo "1870"]
[BlackElo "1549"]
[PlyCount "57"]
[EventDate "2014.05.09"]
[EventType "swiss"]
[EventRounds "6"]
[EventCountry "SVK"]
[SourceTitle "CBM 160 Extra"]
[Source "ChessBase"]
[SourceDate "2014.07.01"]
[SourceVersion "1"]
[SourceVersionDate "2014.07.01"]
[SourceQuality "1"]

1. e4 d6 2. d4 Nf6 3. Nc3 g6 4. f4 Bg7 5. Nf3 0-0 6. Be2 c5 7. d5 Qa5 8. Bd2 a6 9. 0-0 Qc7 10. a3 e6 11. dxe6 fxe6 12. e5 dxe5 13. Nxe5 Nd5 14. Ng4 Nc6 15. g3 Bd4+ 16. Kh1 h5 17. Nf2 h4 18. Bf3 hxg3 19. hxg3 Nf6 20. Nfe4 e5 21. Nxf6+ Rxf6 22. Kg2 Be6 23. Nd5 Bxd5 24. Bxd5+ Kg7 25. c3 exf4 26. cxd4 f3+ 27. Rxf3 Rxf3 28. Qxf3 Rf8 29. Bh6+ 1-0

[Event "Zilina-ch"]
[Site "Zilina"]
[Date "2014.05.09"]
[Round "1"]
[White "Carnecky, Andrej"]
[Black "Sienczyk, Stephen Paul"]
[Result "1-0"]
[WhiteElo "1608"]
[BlackElo "1549"]
[PlyCount "51"]
[EventDate "2014.05.09"]
[EventType "swiss"]
[EventRounds "6"]
[EventCountry "SVK"]
[SourceTitle "CBM 160 Extra"]
[Source "ChessBase"]
[SourceDate "2014.07.01"]
[SourceVersion "1"]
[SourceVersionDate "2014.07.01"]
[SourceQuality "1"]

1. e4 c5 2. Nf3 d6 3. d4 cxd4 4. Nxd4 Nf6 5. Nc3 a6 6. Be2 e6 7. 0-0 Be7 8. Kh1 Nbd7 9. f4 Nc5 10. Bf3 Qc7 11. Qe2 0-0 12. g4 Ne8 13. f5 e5 14. Nd5 Qd8 15. Nb3 Bd7 16. Nxc5 dxc5 17. c4 Bg5 18. Be3 Bxe3 19. Qxe3 Rc8 20. g5 f6 21. Rg1 fxg5 22. Rxg5 Nf6 23. Rag1 Nxd5 24. Rxg7+ Kh8 25. Qh6 Nf6 26. Rxh7+ 1-0

[Event "West Wales op"]
[Site "Wales"]
[Date "2003.??.??"]
[Round "3"]
[White "Sienczyk, Stephen Paul"]
[Black "Young, Alan J"]
[Result "1/2-1/2"]
[WhiteElo "1735"]
[BlackElo "2025"]
[PlyCount "50"]
[EventDate "2003.??.??"]
[EventType "swiss"]
[EventRounds "5"]
[EventCountry "WLS"]
[SourceTitle "EXT 2007"]
[Source "ChessBase"]
[SourceDate "2006.11.23"]
[SourceVersion "1"]
[SourceVersionDate "2006.11.23"]
[SourceQuality "1"]

1. e4 d5 2. exd5 Nf6 3. d4 Bg4 4. Be2 Bxe2 5. Qxe2 Qxd5 6. Nf3 e6 7. 0-0 Nc6 8. Nc3 Qh5 9. Bf4 0-0-0 10. Rfd1 Rg8 11. Ne5 Nxe5 12. dxe5 Qxe2 13. Rxd8+ Kxd8 14. Nxe2 Nd5 15. Rd1 Kc8 16. Bc1 Bc5 17. c4 Ne7 18. Kf1 g5 19. Ng3 Ng6 20. Bxg5 Nxe5 21. Bf4 Ng6 22. Bc1 f5 23. Re1 Kd7 24. Nh5 Be7 25. b3 Nh4 1/2-1/2